000 00748nam a22002177a 4500
005 20251108164812.0
008 250721s1989 xx 000 0 ara d
082 1 4 _a370.9564/زرو
100 1 _aالزرو، صلاح
245 1 0 _aالتعليم في ظل الإنتفاضة /
264 1 _aالخليل :
_bرابطة الجامعيين - مركز الأبحاث،
_c1989.
300 _a140ص .
490 0 _aالدراسات التربوية ؛ 4
500 _aالكتاب يحتوي على ابحاث باللغة الإنجليزية
650 1 7 _aالتربية
650 1 7 _aفلسطين
650 1 7 _aالإنتفاضة الفلسطينية 1987-
650 1 7 _aتاريخ التربية
942 _2ddc
_cBK
999 _c14742
_d14742